Memòria de l'Institut Cartogràfic de Catalunya : activitats i realitzacions ... / Institut Cartogràfic de Catalunya activitats i realitzacions ... / Institut Cartogràfic de Catalunya
Publicado:
Barcelona :
Generalitat de Catalunya, Departament de Política Territorial i Obres Públiques, Institut Cartogràfic de Catalunya ,
1993
Descripción Física:
v. : il. ; 30 cm
MARC
| LEADER | 00000nam a2200000Ia 4500 | ||
|---|---|---|---|
| 001 | 10716, 11173, 11403, 11753, 12013, 12264, 12722, 13063, 14012, 15672,16963, 17597, 19206, 20450, 21528, 22727, 23201 | ||
| 008 | 160829s1993 - xx 000 0 cat d | ||
| 080 | |a H-1-23, H-1-24, H-1-25, H-1-26, H-1-27, H-1-28, H-1-29, H-2-111, H-2-142, H-2-224, H-2-306, H-2-334, H-3-16, H-3-51, H-3-79, H-3-108, H-3-132 | ||
| 110 | 2 | |a Institut Cartogràfic de Catalunya |9 53041 | |
| 245 | |a Memòria de l'Institut Cartogràfic de Catalunya : |b activitats i realitzacions ... / Institut Cartogràfic de Catalunya | ||
| 260 | |a Barcelona : |b Generalitat de Catalunya, Departament de Política Territorial i Obres Públiques, Institut Cartogràfic de Catalunya, |c 1993 - | ||
| 300 | |a v. : |b il. ; |c 30 cm | ||
| 590 | |a A partir de l'any 2008 desapareix el subtítol | ||
| 650 | |a Institut Cartogràfic de Catalunya |x Memòries |9 30019 | ||
| 710 | |a Catalunya. |b Departament de Política Territorial i Obres Públiques |9 53042 | ||
| 866 | |a 1993, 1994, 1995, 1996, 1997, 1998, 1999, 2000, 2001, 2002, 2004, 2005, 2006, 2007, 2008, 2009, 2010 | ||
| 901 | |a Arxiu | ||
| 942 | |n 1 | ||
| 952 | |0 0 |1 0 |4 0 |6 H123_H124_H125_H126_H127_H128_H129_H2111_H2142_H2224_H2306_H2334_H316_H351_H379_H3108_H3132 |7 1 |9 53232 |a Arxiu |b Arxiu |d 2016-12-01 |l 0 |o H-1-23, H-1-24, H-1-25, H-1-26, H-1-27, H-1-28, H-1-29, H-2-111, H-2-142, H-2-224, H-2-306, H-2-334, H-3-16, H-3-51, H-3-79, H-3-108, H-3-132 |p 10716, 11173, 11403, |r 2016-12-01 00:00:00 |w 2016-12-01 |y ARXIU | ||
| 999 | |c 57081 |d 57081 | ||